Estudos Acadm̊icos sobre o Novo Cd̤igo de Processo Civil

Detalles Bibliográficos
Autor principal: Pragmc̀io Filho, Eduardo
Otros Autores: Sampaio, Helena Stela, do Vale Menezes, Glauco Cidrack
Formato: eBook
Lenguaje:portugués
Publicado: San Pablo: LTR, 2010
Materias:
Acceso en línea:Acceso restringido

MARC

LEADER 00000nam a22000007a 4500
005 20220323195437.0
007 cr|||| ||||
008 220323s2010 br |||||s|||| 00||0 por d
020 |a 978-85-301-0046-9 
035 |a 35961 
040 |a vLex 
090 |c 13080  |d 13080 
100 1 |a Pragmc̀io Filho, Eduardo 
245 1 0 |a Estudos Acadm̊icos sobre o Novo Cd̤igo de Processo Civil  |h [Recurso electrn̤ico] /  |c Eduardo Pragmc̀io Filho, Helena Stela Sampaio 
256 |a Servicio en ln̕ea 
260 |a San Pablo:  |b LTR,  |c 2010 
300 |a 1 recurso electrn̤ico 
506 1 |a Disponible solo en los productos indicados  |d vLex Global  |d vLex Global (Academic Edition, excluding Law Schools)  |d vLex Global (U.S. Academic Edition, Law Schools)  |d vLex Global (U.S. Academic Edition, excluding Law Schools)  |d vLex Global (Academic Edition, Law Schools) 
650 0 4 |a Derecho Civil  |z Brasil 
700 1 |a Sampaio, Helena Stela 
700 1 |a do Vale Menezes, Glauco Cidrack 
740 0 |a vLex Libros (Servicio en ln̕ea) 
856 4 0 |u https://app.vlex.com/#/sources/35961  |z Acceso restringido 
942 |c BOOK 
999 0 |a Civil Law